[Event "5MCRV_F"]
[Site "?"]
[Date "2005.??.??"]
[Round "?"]
[White "Hladecek, Miloslav"]
[Black "Schwarz, Jan"]
[Result "1/2-1/2"]
[WhiteElo "2281"]
[BlackElo "2318"]
[PlyCount "30"]
[EventDate "2005.??.??"]
[EventType "corr"]
[SourceDate "2005.09.30"]

1. e4 Nc6 2. d4 e5 3. dxe5 Nxe5 4. Nc3 Bc5 5. Bf4 d6 6. Bxe5 dxe5 7. Qxd8+ Kxd8
8. Nf3 f6 9. O-O-O+ Ke8 10. Nd5 Bd6 11. Nd2 Ne7 12. Nc4 Nxd5 13. Nxd6+ cxd6 14.
Rxd5 Ke7 15. Rd2 Be6 1/2-1/2

[Event "5MCRV_F"]
[Site "?"]
[Date "2005.??.??"]
[Round "?"]
[White "Bures, Jilji"]
[Black "Sykora, Josef"]
[Result "1/2-1/2"]
[WhiteElo "2349"]
[BlackElo "2397"]
[PlyCount "32"]
[EventDate "2005.??.??"]
[EventType "corr"]
[SourceDate "2005.09.30"]

1. e4 c6 2. d4 d5 3. Nc3 dxe4 4. Nxe4 Nd7 5. Nf3 Ngf6 6. Nxf6+ Nxf6 7. c3 Bg4
8. h3 Bxf3 9. Qxf3 Qd5 10. Be2 Qxf3 11. Bxf3 e6 12. Bd2 Bd6 13. O-O-O O-O-O 14.
Rhe1 h6 15. Kc2 Rhe8 16. c4 e5 1/2-1/2

[Event "5MCRV_F"]
[Site "?"]
[Date "2005.??.??"]
[Round "?"]
[White "Pecka, Josef"]
[Black "Splichal, Josef"]
[Result "1/2-1/2"]
[WhiteElo "2303"]
[BlackElo "2261"]
[PlyCount "43"]
[EventDate "2005.??.??"]
[EventType "corr"]
[SourceDate "2005.09.30"]

1. e4 e5 2. f4 exf4 3. Bc4 Nf6 4. Nc3 c6 5. Bb3 d5 6. exd5 cxd5 7. d4 Bb4 8.
Nf3 O-O 9. O-O Bxc3 10. bxc3 Qc7 11. Qe1 Nc6 12. Ne5 g5 13. g3 Bh3 14. Rf3 Ne4
15. gxf4 Be6 16. Nxc6 g4 17. Rf1 Qxc6 18. f5 Bd7 19. Rf4 Rfe8 20. Qh4 Qxc3 21.
Rxe4 Rxe4 22. Qg5+ 1/2-1/2

[Event "5MCRV_F"]
[Site "?"]
[Date "2005.??.??"]
[Round "?"]
[White "Valak, Alois"]
[Black "Pecka, Josef"]
[Result "1-0"]
[WhiteElo "2333"]
[BlackElo "2303"]
[PlyCount "33"]
[EventDate "2005.??.??"]
[EventType "corr"]
[SourceDate "2005.09.30"]

1. e4 e5 2. Nf3 Nc6 3. d4 exd4 4. Nxd4 Qf6 5. Be3 Bc5 6. c3 Nge7 7. Bc4 Ne5 8.
Be2 Qg6 9. O-O d6 10. f3 O-O 11. Nd2 d5 12. Kh1 Re8 13. f4 Nd7 14. Bh5 Qh6 15.
Bxf7+ Kxf7 16. f5 Qxe3 17. Qh5+ 1-0

[Event "5MCRV_F"]
[Site "?"]
[Date "2005.??.??"]
[Round "?"]
[White "Splichal, Josef"]
[Black "Valak, Alois"]
[Result "1/2-1/2"]
[WhiteElo "2261"]
[BlackElo "2333"]
[PlyCount "62"]
[EventDate "2005.??.??"]
[EventType "corr"]
[SourceDate "2005.09.30"]

1. e4 e5 2. Nf3 Nc6 3. d4 exd4 4. Nxd4 Bc5 5. Be3 Qf6 6. c3 d6 7. Be2 Nge7 8.
O-O Bd7 9. Qd2 a6 10. Nxc6 Bxc6 11. Bxc5 dxc5 12. Qe3 b6 13. Nd2 O-O 14. Rad1
Rfe8 15. Qg3 Bb5 16. Bxb5 axb5 17. Qxc7 Rxa2 18. Nf3 Ng6 19. Qd7 Raa8 20. Qxb5
Rxe4 21. Rfe1 Rxe1+ 22. Rxe1 Rd8 23. Re8+ Nf8 24. Rxd8 Qxd8 25. g3 Qd5 26. Qe2
h6 27. c4 Qa8 28. b3 Ne6 29. Qd3 g6 30. h4 h5 31. Qe3 Qa1+ 1/2-1/2

[Event "5MCRV_F"]
[Site "?"]
[Date "2005.??.??"]
[Round "?"]
[White "Valak, Alois"]
[Black "Brousek, Jiri"]
[Result "1/2-1/2"]
[WhiteElo "2333"]
[BlackElo "2319"]
[PlyCount "69"]
[EventDate "2005.??.??"]
[EventType "corr"]
[SourceDate "2005.09.30"]

1. e4 e6 2. d4 d5 3. Nc3 Nf6 4. e5 Nfd7 5. f4 c5 6. Nf3 Nc6 7. Be3 cxd4 8. Nxd4
Bc5 9. Qd2 O-O 10. Be2 a6 11. O-O Nxd4 12. Bxd4 Qb6 13. Bxc5 Qxc5+ 14. Kh1 b5
15. Bd3 Nb6 16. Qe2 Bb7 17. Qh5 g6 18. Qh6 f5 19. Nd1 Rf7 20. Rf2 d4 21. Re2
Nd5 22. Nf2 Rc8 23. Nh3 Rfc7 24. Ng5 Qe7 25. Nf3 Nb4 26. Ne1 Be4 27. Bxe4 fxe4
28. Rxe4 Nxc2 29. Nxc2 Rxc2 30. Rxd4 Rxb2 31. Rad1 Rxa2 32. f5 gxf5 33. h3 Re8
34. R1d3 Qg7 35. Rg3 1/2-1/2

[Event "5MCRV_F"]
[Site "?"]
[Date "2005.??.??"]
[Round "?"]
[White "Skalicky, Frantisek"]
[Black "Nejtek, Jiri"]
[Result "1/2-1/2"]
[WhiteElo "2255"]
[BlackElo "2370"]
[PlyCount "38"]
[EventDate "2005.??.??"]
[EventType "corr"]
[SourceDate "2005.09.30"]

1. e4 c5 2. Nf3 d6 3. d4 cxd4 4. Nxd4 Nf6 5. Nc3 a6 6. Bg5 e6 7. f4 Qb6 8. Qd2
Qxb2 9. Rb1 Qa3 10. f5 Nc6 11. fxe6 fxe6 12. Nxc6 bxc6 13. e5 dxe5 14. Bxf6
gxf6 15. Ne4 Qxa2 16. Rd1 Be7 17. Be2 O-O 18. O-O Ra7 19. Rf3 Kh8 1/2-1/2

[Event "5MCRV_F"]
[Site "?"]
[Date "2005.??.??"]
[Round "?"]
[White "Brousek, Jiri"]
[Black "Schwarz, Jan"]
[Result "1-0"]
[WhiteElo "2319"]
[BlackElo "2318"]
[PlyCount "78"]
[EventDate "2005.??.??"]
[EventType "corr"]
[SourceDate "2005.09.30"]

1. d4 Nf6 2. Nf3 g6 3. Nc3 d6 4. e4 Bg7 5. Be3 a6 6. Qd2 O-O 7. Bh6 b5 8. Bd3
Nc6 9. Bxg7 Kxg7 10. d5 Ne5 11. Nxe5 dxe5 12. O-O-O e6 13. f4 Qd6 14. Rhe1 b4
15. Ne2 exd5 16. fxe5 Qxe5 17. exd5 Nxd5 18. c4 Nf6 19. Ng3 Qa5 20. Qf4 Be6 21.
Re5 Qxa2 22. Rf1 Ng4 23. Nh5+ Kg8 24. Rg5 Rfd8 25. Rxg4 Rxd3 26. Qf6 Rc3+ 27.
bxc3 Qa3+ 28. Kc2 b3+ 29. Kd3 Qf8 30. Qd4 Rd8 31. Rxg6+ hxg6 32. Nf6+ Kh8 33.
Nd7+ Kg8 34. Nxf8 Rxd4+ 35. cxd4 Kxf8 36. Kc3 Ke7 37. Kxb3 c6 38. h4 Kd6 39. g4
Bxg4 1-0

[Event "5MCRV_F"]
[Site "?"]
[Date "2005.??.??"]
[Round "?"]
[White "Splichal, Josef"]
[Black "Dedina, Miroslav"]
[Result "1-0"]
[WhiteElo "2261"]
[BlackElo "2308"]
[PlyCount "79"]
[EventDate "2005.??.??"]
[EventType "corr"]
[SourceDate "2005.09.30"]

1. e4 e5 2. Nf3 Nc6 3. d4 exd4 4. Nxd4 Bc5 5. Be3 Qf6 6. c3 Nge7 7. Bc4 b6 8.
O-O Bb7 9. Nb3 Ne5 10. Nxc5 bxc5 11. Bb3 Bxe4 12. Nd2 Bd3 13. Re1 O-O 14. Bxc5
d6 15. Bd4 N7g6 16. Ne4 Bxe4 17. Rxe4 c5 18. Be3 Rab8 19. Qd2 Nh4 20. Qe2 Rfe8
21. Bf4 Nhg6 22. Bg3 Re7 23. Rd1 Rb6 24. f4 Nc6 25. f5 Rxe4 26. Qxe4 Nge5 27.
Ba4 h6 28. b3 Kh7 29. Bh4 g5 30. fxg6+ Qxg6 31. Qxg6+ Nxg6 32. Rxd6 Nxh4 33.
Rxc6 Rxc6 34. Bxc6 Kg7 35. Kf2 Ng6 36. Ke3 f5 37. a3 Ne5 38. Bb5 a5 39. b4 Kf6
40. bxa5 1-0

[Event "5MCRV_F"]
[Site "?"]
[Date "2005.??.??"]
[Round "?"]
[White "Bures, Jilji"]
[Black "Splichal, Josef"]
[Result "1-0"]
[WhiteElo "2349"]
[BlackElo "2261"]
[PlyCount "71"]
[EventDate "2005.??.??"]
[EventType "corr"]
[SourceDate "2005.09.30"]

1. e4 e5 2. Nf3 Nc6 3. Bb5 Nf6 4. O-O Nxe4 5. d4 Nd6 6. Bxc6 dxc6 7. dxe5 Nf5
8. Qxd8+ Kxd8 9. Rd1+ Ke8 10. Nc3 Be6 11. Ng5 Be7 12. Nxe6 fxe6 13. Ne4 Rd8 14.
Rxd8+ Kxd8 15. Bg5 Bxg5 16. Nxg5 Ke7 17. Rd1 h6 18. Ne4 b6 19. g3 Rd8 20. Rxd8
Kxd8 21. c3 Kd7 22. Kg2 c5 23. g4 Ne7 24. f4 Kc6 25. Kf3 Kd5 26. Ng3 g5 27.
fxg5 hxg5 28. Ne4 Ng6 29. Nxg5 Nxe5+ 30. Kg3 Nc4 31. h4 Ke5 32. Nh7 Nxb2 33. h5
Nd1 34. g5 Nxc3 35. Nf8 Kf5 36. Kh4 1-0

[Event "5MCRV_F"]
[Site "?"]
[Date "2005.??.??"]
[Round "?"]
[White "Brousek, Jiri"]
[Black "Splichal, Josef"]
[Result "1-0"]
[WhiteElo "2319"]
[BlackElo "2261"]
[PlyCount "59"]
[EventDate "2005.??.??"]
[EventType "corr"]
[SourceDate "2005.09.30"]

1. d4 Nf6 2. Nf3 d5 3. e3 Bf5 4. Bd3 Bg6 5. O-O e6 6. c4 c6 7. Nc3 Bb4 8. cxd5
exd5 9. Bxg6 hxg6 10. Qb3 Qe7 11. e4 dxe4 12. Re1 Na6 13. Bg5 O-O-O 14. Rxe4
Qc7 15. Ree1 Rdf8 16. Rac1 Kb8 17. Bh4 Ka8 18. Bg3 Qd8 19. Ne5 Nd5 20. a3 Ba5
21. Qc4 Nb6 22. Qe2 Bxc3 23. bxc3 Nb8 24. Qa2 Nd5 25. c4 Nf6 26. c5 Nd5 27. Qb3
Qa5 28. Nc4 Qb5 29. Qc2 Qa5 30. Nxa5 1-0

[Event "5MCRV_F"]
[Site "?"]
[Date "2005.??.??"]
[Round "?"]
[White "Valak, Alois"]
[Black "Novak, Vratislav"]
[Result "1-0"]
[WhiteElo "2333"]
[BlackElo "2267"]
[PlyCount "47"]
[EventDate "2005.??.??"]
[EventType "corr"]
[SourceDate "2005.09.30"]

1. e4 e5 2. Nf3 d6 3. d4 exd4 4. Nxd4 Nf6 5. Nc3 Be7 6. Be2 O-O 7. O-O Re8 8.
Bf4 Nbd7 9. Qd2 Ne5 10. Bg3 c6 11. f4 Ng6 12. Kh1 Bf8 13. Qd3 Qb6 14. a4 a5 15.
Rad1 Qb4 16. Bf3 Bd7 17. b3 Rad8 18. Nde2 Be7 19. Bf2 Be6 20. Bd4 Ne5 21. Qe3
Nxf3 22. gxf3 d5 23. Rg1 g6 24. f5 1-0

[Event "5MCRV_F"]
[Site "?"]
[Date "2005.??.??"]
[Round "?"]
[White "Pytlik, Lesek"]
[Black "Nosek, Jaroslav"]
[Result "1/2-1/2"]
[WhiteElo "2390"]
[BlackElo "2259"]
[PlyCount "50"]
[EventDate "2005.??.??"]
[EventType "corr"]
[SourceDate "2005.09.30"]

1. e4 e6 2. d4 d5 3. Nd2 Nf6 4. e5 Nfd7 5. Bd3 c5 6. c3 Nc6 7. Ne2 cxd4 8. cxd4
f6 9. exf6 Nxf6 10. O-O Bd6 11. Nf3 O-O 12. Bf4 Bxf4 13. Nxf4 Qc7 14. Ne2 e5
15. dxe5 Nxe5 16. Nxe5 Qxe5 17. Qb3 b6 18. Rae1 Qd6 19. Ng3 Kh8 20. Qa4 Bd7 21.
Qh4 Rac8 22. Nh5 h6 23. Qg3 Qxg3 24. Nxg3 a5 25. Nf5 Rfe8 1/2-1/2

[Event "5MCRV_F"]
[Site "?"]
[Date "2005.??.??"]
[Round "?"]
[White "Dedina, Miroslav"]
[Black "Nejtek, Jiri"]
[Result "1/2-1/2"]
[WhiteElo "2308"]
[BlackElo "2370"]
[PlyCount "44"]
[EventDate "2005.??.??"]
[EventType "corr"]
[SourceDate "2005.09.30"]

1. c4 c6 2. e4 d5 3. exd5 cxd5 4. cxd5 Nf6 5. Bb5+ Nbd7 6. Nc3 a6 7. Qa4 Rb8 8.
Bxd7+ Qxd7 9. Qxd7+ Bxd7 10. Nge2 Rd8 11. d4 Bf5 12. Nf4 g5 13. Nfe2 Rg8 14.
Be3 Nxd5 15. Nxd5 Rxd5 16. Rc1 Kd8 17. O-O Bg7 18. Rfd1 h6 19. Nc3 Rd7 20. d5
Kc8 21. Bb6 Kb8 22. Na4 Be5 1/2-1/2

[Event "5MCRV_F"]
[Site "?"]
[Date "2005.??.??"]
[Round "?"]
[White "Novak, Vratislav"]
[Black "Brousek, Jiri"]
[Result "0-1"]
[WhiteElo "2267"]
[BlackElo "2319"]
[PlyCount "72"]
[EventDate "2005.??.??"]
[EventType "corr"]
[SourceDate "2005.09.30"]

1. e4 e6 2. d4 d5 3. e5 c5 4. Nc3 Nc6 5. Nf3 cxd4 6. Nb5 Bc5 7. a3 Nge7 8. b4
a6 9. bxc5 axb5 10. Rb1 Qa5+ 11. Bd2 Qxa3 12. Bd3 b4 13. O-O Qa5 14. Re1 h6 15.
Nh4 b6 16. cxb6 Qxb6 17. f4 Ba6 18. f5 Bxd3 19. cxd3 exf5 20. g4 Qb5 21. gxf5
Qxd3 22. Bxb4 Qxd1 23. Rexd1 Nxb4 24. Rxb4 O-O 25. Rc1 d3 26. Rd4 Rfe8 27. h3
Ra2 28. Rd1 Re2 29. f6 Ng6 30. Nxg6 fxg6 31. Rxd5 R8xe5 32. Rd8+ Re8 33. f7+
Kxf7 34. Rf1+ Kg8 35. Rxd3 Rf8 36. Rfd1 Rff2 0-1

[Event "5MCRV_F"]
[Site "?"]
[Date "2005.??.??"]
[Round "?"]
[White "Novak, Vratislav"]
[Black "Splichal, Josef"]
[Result "1/2-1/2"]
[WhiteElo "2267"]
[BlackElo "2261"]
[PlyCount "76"]
[EventDate "2005.??.??"]
[EventType "corr"]
[SourceDate "2005.09.30"]

1. e4 e5 2. f4 exf4 3. Bc4 Nf6 4. Nc3 c6 5. Bb3 d5 6. exd5 cxd5 7. d4 Bb4 8.
Nf3 O-O 9. O-O Bxc3 10. bxc3 Qc7 11. Qe1 Nc6 12. Qh4 Ne7 13. Qxf4 Qxc3 14. Bd2
Ng6 15. Bxc3 Nxf4 16. Rae1 a5 17. a3 Be6 18. Bd2 Ng6 19. Ng5 Bg4 20. h3 Bd7 21.
c4 dxc4 22. Bxc4 Bc6 23. Ba2 h6 24. Nf3 Rfd8 25. Rf2 b5 26. Bb1 Bxf3 27. Rxf3
Rxd4 28. Bxh6 b4 29. axb4 Nd5 30. Bc1 axb4 31. Bb2 Rc4 32. Be4 Re8 33. Rxf7 Nc3
34. Bxc3 bxc3 35. Bd5 Rxe1+ 36. Rf1+ Kh8 37. Rxe1 Rc5 38. Bb3 Ne5 1/2-1/2

[Event "5MCRV_F"]
[Site "?"]
[Date "2005.??.??"]
[Round "?"]
[White "Nejtek, Jiri"]
[Black "Novak, Vratislav"]
[Result "1/2-1/2"]
[WhiteElo "2370"]
[BlackElo "2267"]
[PlyCount "57"]
[EventDate "2005.??.??"]
[EventType "corr"]
[SourceDate "2005.09.30"]

1. e4 c5 2. Nf3 d6 3. d4 cxd4 4. Nxd4 Nf6 5. Nc3 Nc6 6. Bg5 e6 7. Qd2 a6 8.
O-O-O h6 9. Be3 Be7 10. f3 Nxd4 11. Bxd4 b5 12. Kb1 Bb7 13. g4 b4 14. Na4 e5
15. Be3 d5 16. Nb6 d4 17. Nxa8 dxe3 18. Qxd8+ Bxd8 19. Rxd8+ Kxd8 20. Nb6 g5
21. h4 gxh4 22. Nc4 h5 23. Rxh4 Rg8 24. Nxe3 hxg4 25. Rh6 Rg6 26. Rxg6 fxg6 27.
Nxg4 Nxg4 28. fxg4 a5 29. Bg2 1/2-1/2

[Event "5MCRV_F"]
[Site "?"]
[Date "2005.??.??"]
[Round "?"]
[White "Valak, Alois"]
[Black "Nejtek, Jiri"]
[Result "1/2-1/2"]
[WhiteElo "2333"]
[BlackElo "2370"]
[PlyCount "64"]
[EventDate "2005.??.??"]
[EventType "corr"]
[SourceDate "2005.09.30"]

1. e4 e5 2. Nf3 Nf6 3. Nxe5 d6 4. Nf3 Nxe4 5. d4 d5 6. Bd3 Nc6 7. O-O Be7 8. c4
Nb4 9. Be2 O-O 10. Nc3 Bf5 11. a3 Nxc3 12. bxc3 Nc6 13. Re1 Re8 14. Bf4 dxc4
15. Bxc4 Bd6 16. Rxe8+ Qxe8 17. Bxd6 cxd6 18. Qa4 Qd7 19. Nh4 a6 20. Nxf5 Qxf5
21. Re1 d5 22. Bf1 Qd7 23. Qb3 b5 24. a4 Na5 25. Qb4 Nc4 26. Re7 Qd8 27. Bxc4
dxc4 28. axb5 axb5 29. Re1 Qg5 30. Qa5 Qd5 31. h3 h6 32. Qb4 Qg5 1/2-1/2

[Event "5MCRV_F"]
[Site "?"]
[Date "2005.??.??"]
[Round "?"]
[White "Splichal, Josef"]
[Black "Schwarz, Jan"]
[Result "1/2-1/2"]
[WhiteElo "2261"]
[BlackElo "2318"]
[PlyCount "66"]
[EventDate "2005.??.??"]
[EventType "corr"]
[SourceDate "2005.09.30"]

1. e4 c5 2. b3 d6 3. Nf3 e5 4. Nc3 Nf6 5. Bc4 Be7 6. d3 Nc6 7. h3 O-O 8. O-O
Rb8 9. Bd2 a6 10. a4 Bd7 11. Re1 Ne8 12. Qc1 Na5 13. Nd5 Nxc4 14. bxc4 f5 15.
exf5 Nf6 16. Nxe7+ Qxe7 17. g4 h5 18. Nh4 hxg4 19. Ng6 Qf7 20. hxg4 Nxg4 21. f3
Nf6 22. Nxf8 Rxf8 23. Re2 Qh5 24. Qf1 Qxf5 25. Rg2 Bc6 26. Rg5 Qxf3 27. Qxf3
Bxf3 28. a5 Bc6 29. Be3 Kf7 30. Kf2 Rh8 31. Rag1 Ne8 32. Ke2 Rh2+ 33. Bf2 Rh3
1/2-1/2

[Event "5MCRV_F"]
[Site "?"]
[Date "2005.??.??"]
[Round "?"]
[White "Schwarz, Jan"]
[Black "Novak, Vratislav"]
[Result "1/2-1/2"]
[WhiteElo "2318"]
[BlackElo "2267"]
[PlyCount "54"]
[EventDate "2005.??.??"]
[EventType "corr"]
[SourceDate "2005.09.30"]

1. Nf3 d5 2. g3 Nf6 3. Bg2 c6 4. c4 dxc4 5. Na3 b5 6. Ne5 a6 7. d4 Bb7 8. O-O
e6 9. b3 cxb3 10. axb3 Nbd7 11. Bxc6 Bxc6 12. Nxc6 Qb6 13. Ne5 Be7 14. Nxd7
Nxd7 15. Bf4 O-O 16. Qd3 e5 17. dxe5 Qe6 18. Nc2 Nxe5 19. Qe4 Nc6 20. Qxe6 fxe6
21. Rfd1 e5 22. Be3 Rfd8 23. Rxd8+ Bxd8 24. Kg2 Kf7 25. Kf3 Be7 26. Ke4 Ke6 27.
f4 exf4 1/2-1/2

[Event "5MCRV_F"]
[Site "?"]
[Date "2005.??.??"]
[Round "?"]
[White "Brousek, Jiri"]
[Black "Skalicky, Frantisek"]
[Result "1-0"]
[WhiteElo "2319"]
[BlackElo "2255"]
[PlyCount "55"]
[EventDate "2005.??.??"]
[EventType "corr"]
[SourceDate "2005.09.30"]

1. d4 Nf6 2. Nf3 e6 3. e3 c5 4. Bd3 b6 5. O-O Bb7 6. c4 cxd4 7. exd4 d5 8. cxd5
Nxd5 9. Ne5 Nc6 10. Bb5 Qc7 11. Qg4 a6 12. Bxc6+ Bxc6 13. Nc3 b5 14. Re1 Nf6
15. Qg3 Bb7 16. Be3 Rc8 17. Rac1 Qd8 18. Rcd1 b4 19. d5 Qc7 20. dxe6 fxe6 21.
Qh3 bxc3 22. Qxe6+ Qe7 23. Qb3 c2 24. Rc1 Qb4 25. Qf7+ Kd8 26. a3 Bd5 27. axb4
Bxf7 28. Nxf7+ 1-0

[Event "5MCRV_F"]
[Site "?"]
[Date "2005.??.??"]
[Round "?"]
[White "Nosek, Jaroslav"]
[Black "Novak, Vratislav"]
[Result "1/2-1/2"]
[WhiteElo "2259"]
[BlackElo "2267"]
[PlyCount "49"]
[EventDate "2005.??.??"]
[EventType "corr"]
[SourceDate "2005.09.30"]

1. e4 e5 2. Nf3 d6 3. d4 exd4 4. Nxd4 Nf6 5. Nc3 Be7 6. Bf4 O-O 7. Qd2 Nc6 8.
O-O-O Nxd4 9. Qxd4 Be6 10. Kb1 Ng4 11. Nd5 Bxd5 12. exd5 Bf6 13. Qd2 Be5 14.
Bg3 c6 15. Be2 Bxg3 16. Bxg4 Be5 17. f4 Bf6 18. Bf3 Qb6 19. c3 Rac8 20. Ka1
Rfe8 21. g4 Qe3 22. Qxe3 Rxe3 23. Rhf1 Be7 24. Rde1 Rxe1+ 25. Rxe1 1/2-1/2

[Event "5MCRV_F"]
[Site "?"]
[Date "2005.??.??"]
[Round "?"]
[White "Nosek, Jaroslav"]
[Black "Kuta, Jiri"]
[Result "1/2-1/2"]
[WhiteElo "2259"]
[BlackElo "2310"]
[PlyCount "60"]
[EventDate "2005.??.??"]
[EventType "corr"]
[SourceDate "2005.09.30"]

1. d4 Nf6 2. c4 g6 3. Nc3 Bg7 4. e4 d6 5. f3 O-O 6. Be3 e5 7. d5 Nh5 8. Qd2 f5
9. O-O-O a6 10. exf5 gxf5 11. Nh3 Nd7 12. g4 fxg4 13. fxg4 Nf4 14. Nxf4 exf4
15. Bxf4 Ne5 16. Be2 Qh4 17. Bg5 Qh3 18. Rdg1 Nf3 19. Bxf3 Qxf3 20. h3 Bd7 21.
Re1 b5 22. Bh6 Bxh6 23. Qxh6 Rae8 24. cxb5 Bxb5 25. Nxb5 axb5 26. Qg5+ Kh8 27.
Qd2 Rxe1+ 28. Rxe1 Qxh3 29. Qd4+ Kg8 30. Qe4 Qh6+ 1/2-1/2

[Event "5MCRV_F"]
[Site "?"]
[Date "2005.??.??"]
[Round "?"]
[White "Schwarz, Jan"]
[Black "Nosek, Jaroslav"]
[Result "1/2-1/2"]
[WhiteElo "2318"]
[BlackElo "2259"]
[PlyCount "46"]
[EventDate "2005.??.??"]
[EventType "corr"]
[SourceDate "2005.09.30"]

1. Nf3 d5 2. d4 Nf6 3. c4 c6 4. Nc3 e6 5. e3 Nbd7 6. Bd3 dxc4 7. Bxc4 b5 8. Bd3
Bb7 9. O-O b4 10. Ne4 Be7 11. Nxf6+ Nxf6 12. e4 O-O 13. e5 Nd7 14. Qc2 h6 15.
Bh7+ Kh8 16. Be4 Qb6 17. Be3 c5 18. dxc5 Nxc5 19. Bxb7 Qxb7 20. Rfd1 Rac8 21.
Qc4 Ne4 22. Qe2 a5 23. Ne1 Rfd8 1/2-1/2

[Event "5MCRV_F"]
[Site "?"]
[Date "2005.??.??"]
[Round "?"]
[White "Novak, Vratislav"]
[Black "Pecka, Josef"]
[Result "1-0"]
[WhiteElo "2267"]
[BlackElo "2303"]
[PlyCount "87"]
[EventDate "2005.??.??"]
[EventType "corr"]
[SourceDate "2005.09.30"]

1. e4 e5 2. Nf3 Nc6 3. Bb5 a6 4. Ba4 Nf6 5. O-O Be7 6. Re1 b5 7. Bb3 O-O 8. c3
d5 9. exd5 Nxd5 10. Nxe5 Nxe5 11. Rxe5 c6 12. d4 Bd6 13. Re1 Qh4 14. g3 Qh3 15.
Be3 Bg4 16. Qd3 Rae8 17. Nd2 Re6 18. a4 f5 19. axb5 f4 20. Bxf4 Bxf4 21. Rxe6
Bxe6 22. bxa6 Bxd2 23. a7 Ra8 24. Qxd2 Bf7 25. Qe2 Qd7 26. Qa6 Qc7 27. Bc4 g6
28. Bxd5 Bxd5 29. c4 Be4 30. Ra3 h5 31. Qa5 Qxa5 32. Rxa5 Bd3 33. d5 cxd5 34.
cxd5 Kf7 35. b4 Ke7 36. b5 Bxb5 37. Rxb5 Rxa7 38. d6+ Kxd6 39. Rb6+ Ke5 40.
Rxg6 h4 41. gxh4 Rh7 42. Rg4 Kf5 43. h3 Rb7 44. Kg2 1-0

[Event "5MCRV_F"]
[Site "?"]
[Date "2005.??.??"]
[Round "?"]
[White "Splichal, Josef"]
[Black "Pytlik, Lesek"]
[Result "0-1"]
[WhiteElo "2261"]
[BlackElo "2390"]
[PlyCount "86"]
[EventDate "2005.??.??"]
[EventType "corr"]
[SourceDate "2005.09.30"]

1. e4 e6 2. d4 d5 3. e5 c5 4. Nc3 Nc6 5. Bb5 cxd4 6. Qxd4 Bd7 7. Bxc6 Bxc6 8.
Nge2 Ne7 9. O-O Nf5 10. Qd3 Bc5 11. Ng3 d4 12. Nxf5 exf5 13. Ne2 Qd5 14. Nf4
Qxe5 15. Bd2 O-O 16. Rfe1 Be4 17. f3 Qxf4 18. fxe4 fxe4 19. Rxe4 Qd6 20. Rae1
Qc6 21. Rh4 h6 22. Rf1 Rac8 23. Kh1 Qg6 24. Re4 Rfe8 25. Rfe1 Rxe4 26. Rxe4 b5
27. Be1 Rc6 28. Bf2 Re6 29. Rxe6 Qxe6 30. a3 f5 31. Kg1 Qe4 32. Qb3+ Kh7 33.
Kf1 a5 34. a4 Qf4 35. g3 bxa4 36. Qc4 Qe5 37. Qxa4 Qd5 38. Qb5 Qh1+ 39. Ke2
Qe4+ 40. Kd2 Bb4+ 41. c3 dxc3+ 42. bxc3 Bxc3+ 43. Kxc3 Qf3+ 0-1

[Event "5MCRV_F"]
[Site "?"]
[Date "2005.??.??"]
[Round "?"]
[White "Kuta, Jiri"]
[Black "Splichal, Josef"]
[Result "1-0"]
[WhiteElo "2310"]
[BlackElo "2261"]
[PlyCount "65"]
[EventDate "2005.??.??"]
[EventType "corr"]
[SourceDate "2005.09.30"]

1. d4 Nf6 2. c4 c5 3. d5 e6 4. Nc3 exd5 5. cxd5 d6 6. e4 g6 7. h3 Bg7 8. Nf3
O-O 9. Bd3 Re8 10. O-O a6 11. a4 Nbd7 12. Re1 Qc7 13. Bf4 b6 14. Qd2 c4 15. Bc2
Bb7 16. Rad1 Rac8 17. Be3 Nh5 18. Qe2 Nhf6 19. Nd2 Nh5 20. g4 Nhf6 21. f4 h6
22. Qf2 Nh7 23. Rf1 Qd8 24. Bb1 a5 25. Nb5 Nc5 26. f5 Rf8 27. Bf4 Ng5 28. Kg2
gxf5 29. gxf5 Be5 30. h4 Nxa4 31. hxg5 Nxb2 32. Qh4 Nxd1 33. Qxh6 1-0

[Event "5MCRV_F"]
[Site "?"]
[Date "2005.??.??"]
[Round "?"]
[White "Pecka, Josef"]
[Black "Brousek, Jiri"]
[Result "1-0"]
[WhiteElo "2303"]
[BlackElo "2319"]
[PlyCount "113"]
[EventDate "2005.??.??"]
[EventType "corr"]
[SourceDate "2005.09.30"]

1. e4 e6 2. d4 d5 3. Nc3 Nf6 4. Bg5 dxe4 5. Nxe4 Be7 6. Bxf6 gxf6 7. Nf3 b6 8.
Bc4 Bb7 9. Qe2 c6 10. O-O-O Qc7 11. Kb1 Nd7 12. Rhe1 O-O-O 13. Ba6 Bxa6 14.
Qxa6+ Kb8 15. Qe2 Qf4 16. Nc3 Rhe8 17. g3 Qg4 18. h3 Qh5 19. g4 Qh6 20. Nd2 Qf4
21. Qc4 Kb7 22. Nce4 b5 23. Qc3 Nb6 24. Nb3 Nc4 25. Rd3 Rd5 26. a4 Rc8 27. Rf3
Qh6 28. g5 Qg6 29. gxf6 Bf8 30. Rg3 Qf5 31. Qd3 Qf4 32. Rg4 Qh6 33. Rg8 Qf4 34.
Reg1 Rdd8 35. Ng5 Qxf6 36. Nxh7 Qf4 37. axb5 cxb5 38. Nxf8 Rxf8 39. Nc5+ Kc6
40. R8g4 Qf5 41. Qe2 Rfd8 42. Rg5 Qf6 43. b3 Nb6 44. c3 Nd5 45. Ne4 Qf4 46.
R1g4 Qc7 47. Rg3 Kb6 48. Rf3 a5 49. Rg7 Rf8 50. Kb2 Qc6 51. h4 Rc7 52. h5 a4
53. bxa4 bxa4 54. Nc5 Qb5+ 55. Qxb5+ Kxb5 56. h6 Rh8 57. h7 1-0

[Event "5MCRV_F"]
[Site "?"]
[Date "2005.??.??"]
[Round "?"]
[White "Pytlik, Lesek"]
[Black "Kostal, Jindrich"]
[Result "1/2-1/2"]
[WhiteElo "2390"]
[BlackElo "2384"]
[PlyCount "28"]
[EventDate "2005.??.??"]
[EventType "corr"]
[SourceDate "2005.09.30"]

1. e4 e5 2. Nf3 Nc6 3. Nc3 Nf6 4. d4 exd4 5. Nxd4 Bb4 6. Nxc6 bxc6 7. Bd3 d5 8.
exd5 cxd5 9. O-O O-O 10. Bg5 c6 11. Ne2 Re8 12. Nd4 Bd7 13. Qf3 Bd6 14. Bxf6
Qxf6 1/2-1/2

[Event "5MCRV_F"]
[Site "?"]
[Date "2005.??.??"]
[Round "?"]
[White "Schwarz, Jan"]
[Black "Pecka, Josef"]
[Result "1/2-1/2"]
[WhiteElo "2318"]
[BlackElo "2303"]
[PlyCount "77"]
[EventDate "2005.??.??"]
[EventType "corr"]
[SourceDate "2005.09.30"]

1. Nf3 Nf6 2. c4 c5 3. Nc3 d5 4. cxd5 Nxd5 5. d4 Nxc3 6. bxc3 g6 7. e3 Bg7 8.
Bd3 O-O 9. O-O Qc7 10. Qe2 Rd8 11. Rd1 b6 12. Bb2 Nc6 13. Be4 Rb8 14. Rab1 Na5
15. Bd3 Bg4 16. Bb5 Nb7 17. h3 Bxf3 18. Qxf3 Nd6 19. Be2 Qd7 20. e4 Qa4 21. e5
Nc4 22. Bc1 Qxa2 23. Bg5 cxd4 24. Ra1 Qb3 25. Bxc4 Qxc4 26. Bxe7 Re8 27. Rxd4
Qe6 28. Bd6 Ra8 29. Re1 f6 30. Rde4 fxe5 31. Bxe5 Qf5 32. Qg3 a5 33. R4e2 Qd7
34. c4 Rad8 35. Re3 Bxe5 36. Rxe5 a4 37. Qe3 Rxe5 38. Qxe5 Qc6 39. Qe2 1/2-1/2

[Event "5MCRV_F"]
[Site "?"]
[Date "2005.??.??"]
[Round "?"]
[White "Bures, Jilji"]
[Black "Kostal, Jindrich"]
[Result "1/2-1/2"]
[WhiteElo "2349"]
[BlackElo "2384"]
[PlyCount "30"]
[EventDate "2005.??.??"]
[EventType "corr"]
[SourceDate "2005.09.30"]

1. e4 e5 2. Nf3 Nc6 3. Bb5 a6 4. Bxc6 dxc6 5. O-O f6 6. d4 Bg4 7. c3 Bd6 8. Be3
Qe7 9. Nbd2 O-O-O 10. Qc2 exd4 11. Nxd4 c5 12. Nf5 Bxf5 13. exf5 Qd7 14. Ne4
Ne7 15. Bxc5 Bxc5 1/2-1/2

[Event "5MCRV_F"]
[Site "?"]
[Date "2005.??.??"]
[Round "?"]
[White "Sykora, Josef"]
[Black "Nejtek, Jiri"]
[Result "1/2-1/2"]
[WhiteElo "2397"]
[BlackElo "2370"]
[PlyCount "44"]
[EventDate "2005.??.??"]
[EventType "corr"]
[SourceDate "2005.09.30"]

1. Nf3 d5 2. d4 c6 3. c4 e6 4. Nc3 dxc4 5. a4 Bb4 6. e3 b5 7. Bd2 a5 8. axb5
Bxc3 9. Bxc3 cxb5 10. b3 Bb7 11. bxc4 b4 12. Bb2 Nf6 13. Bd3 O-O 14. O-O Nbd7
15. Re1 Re8 16. c5 Bc6 17. Bc2 Ne4 18. Ba4 Qc7 19. Bxc6 Qxc6 20. Qa4 Qxa4 21.
Rxa4 Nexc5 22. dxc5 Nxc5 1/2-1/2